<The> Selected aspects of application of monetary policy in the Economic and Monetary Union pre-and-post 2008 A. The framework existing pre-crisis (2008)

Hodnotenie menovej politiky na základe princípov Zmluvy o fungovaní európskej únie a Protokolu o štatúte európskeho systému centrálnych bánk a ECB. Legislatívny a ekonomický prístup k menovej politike.

Uložené v:
Podrobná bibliografia
Hlavný autor: Vojtaššák, Marek
Médium: Kapitola
Jazyk:English
Predmet:
Tagy: Pridať tag
Žiadne tagy, Buďte prvý, kto otaguje tento záznam!

MARC

LEADER 00000naa a2200000 4500
001 0216049
005 20221020082058.0
041 0 |a eng 
044 |a SK 
245 1 0 |a <The> Selected aspects of application of monetary policy in the Economic and Monetary Union pre-and-post 2008 A. The framework existing pre-crisis (2008)  |c Marek Vojtaššák 
520 |a Hodnotenie menovej politiky na základe princípov Zmluvy o fungovaní európskej únie a Protokolu o štatúte európskeho systému centrálnych bánk a ECB. Legislatívny a ekonomický prístup k menovej politike. 
610 2 0 |a Európska centrálna banka 
610 2 0 |a politika menová 
610 2 0 |a banky centrálne 
100 1 |a Vojtaššák, Marek